000 00312nam a2200133Ia 4500
008 231129s1976||||xx |||||||||||||| ||spa||
040 _bspa
082 _aCo868 D946s
100 _aDuque E. J. Emilio
245 0 _aSemblanzas : Ciudades y personajes
260 _c1976
264 _aBedout
942 _2ddc
_cBKS
999 _c24450
_d24450